000 00635nam a22001937a 4500
005 20251108173156.0
008 250721s2006 xx 000 0 ara d
082 1 4 _a006.6/بهن
100 1 _aالبهنسي، محمد صديق
_eمؤلف
245 1 0 _a3ds max مشاريع تعليمية في التصميم الهندسي /
264 1 _aعمان :
_bمكتبة المجتمع العربي للنشر،
_c2006.
300 _a256 ص.
650 1 7 _aالتصميم الهندسي
650 1 7 _aعلم الحاسوب
650 1 7 _aالحواسيب
650 1 7 _aبرامج الحاسوب
942 _2ddc
_cBK
999 _c97809
_d97809